Specifier (Record no. 76572)
[ view plain ]
| 000 -LEADER | |
|---|---|
| fixed length control field | 01053cab a2200193 4500 |
| 001 - CONTROL NUMBER | |
| control field | ##L132704 |
| 008 - FIXED-LENGTH DATA ELEMENTS--GENERAL INFORMATION | |
| fixed length control field | 060301n2006 000 0 eng u |
| 035 ## - SYSTEM CONTROL NUMBER | |
| System control number | (Sirsi) u132704 |
| 041 0# - LANGUAGE CODE | |
| Language code of text/sound track or separate title | eng |
| 100 1# - MAIN ENTRY--PERSONAL NAME | |
| Personal name | Brownrigg, Scott |
| 245 00 - TITLE STATEMENT | |
| Title | Specifier |
| Remainder of title | healthcare products |
| 260 ## - PUBLICATION, DISTRIBUTION, ETC. | |
| Date of publication, distribution, etc. | 2006 |
| 490 #0 - SERIES STATEMENT | |
| Series statement | Building |
| Volume/sequential designation | 270(8412) 6 January 2006, 64-71(6) |
| 520 ## - SUMMARY, ETC. | |
| Summary, etc. | Looks at the latest building products for healthcare schemes, including partitions, floodlights, safety conscious bathroom pods, smoke detectors, anti-MRSA coating, safer fluorescent lamp starters, paint, protective coatings, washbasins, and fire-rated access panels. Other articles examine how designers and specifiers can contribute to improving hospital hygiene standards by using materials that can be easily cleaned, and the range of anti-bacterial building components now available. With a guide to the main suppliers of healthcare building products. |
| 690 ## - LOCAL SUBJECT ADDED ENTRY--TOPICAL TERM (OCLC, RLIN) | |
| Topical term or geographic name as entry element | BUILT ENVIRONMENT-BUILDING ELEMENTS |
| 700 1# - ADDED ENTRY--PERSONAL NAME | |
| Personal name | Mayer, Peter |
| 710 2# - ADDED ENTRY--CORPORATE NAME | |
| Corporate name or jurisdiction name as entry element | Barbour Index |
| 9 (RLIN) | 2548 |
| 942 ## - ADDED ENTRY ELEMENTS (KOHA) | |
| Suppress in OPAC | 0 |
| Withdrawn status | Lost status | Source of classification or shelving scheme | Damaged status | Not for loan | Home library | Current library | Shelving location | Date acquired | Total Checkouts | Full call number | Barcode | Date last seen | Copy number | Price effective from | Koha item type |
|---|---|---|---|---|---|---|---|---|---|---|---|---|---|---|---|
| Dewey Decimal Classification | London | London | Journal article | 01/03/2006 | L132704 | 132704-1001 | 06/08/2019 | 1 | 06/08/2019 | Journal article |